Romeo and Juliet; As you like it;Macbeth and King Lear; The Merchant of Venice (Record no. 38645)

MARC details
000 -LEADER
fixed length control field 00311nam a2200109Ia 4500
082 ## - DEWEY DECIMAL CLASSIFICATION NUMBER
Classification number 82-3
Item number SHA
100 ## - MAIN ENTRY--AUTHOR NAME
Personal name Shakespeare, William
245 #0 - TITLE STATEMENT
Title Romeo and Juliet; As you like it;Macbeth and King Lear; The Merchant of Venice
260 ## - PUBLICATION, DISTRIBUTION, ETC. (IMPRINT)
Place of publication Java
Name of publisher Dax
942 ## - ADDED ENTRY ELEMENTS (KOHA)
Koha item type Books
Holdings
Withdrawn status Lost status Damaged status Not for loan Home library Current library Date acquired Source of acquisition Full call number Accession Number Koha item type
      Write off RRII Library RRII Library 16/12/2021 Cost recovered 82-3 SHA 18999 Books